000 01437cam a22002174a 4500
005 20250605164345.0
008 250528s ||||||||||||||||||||||||d
035 _a23836
020 _a9783030670191
040 _aGR-AtMCL
_bgre
_dGR-AtMCL
_eAACR2
245 1 _aDecision-Making in Management / Methods and Behavioral Tools
260 _aSwitzerland
_bSpringer,
_c2021
300 _a404
520 _aThis book presents various methods and solutions to problems in modern data acquisition techniques and practical aspects of decision making. Theoretical Aspects of Decision Making in Management, Theoretical Aspects of the Strategic Management Decision-Making of Companies, Rational Consumer Market Decision: Selected Theoretical Aspects, Methods and Behavioral Tools in Decision-Making, Selected Management Accounting Tools Supporting Companies' Green Decisions in the Context of Environmental Management Accounting, Administrative Accounting Information to Control Profitability Under Certainty and Uncertainty of a Universal Bank, Diffusion and Brownian Motion Processes in Modeling the Costs of Supporting Non-Autonomous Pension Funds, The Use of Epigenetics in Decision-Making to Activate Marginalized Communities, Practical Issues: Case Studies,
700 1 _aLatuszynska Malgorzata
_99344
700 1 _aNermend Kesra
_99345
700 1 _aThalassinos Eleftherios
_99346
942 _cBK
999 _c8763
_d8763